Psicología del trabajo (Registro nro. 3733)
[ vista simple ]
| 000 -CABECERA | |
|---|---|
| campo de control de longitud fija | 00841aam a2200289 4500 |
| 005 - FECHA Y HORA DE ACTUALIZACIÓN | |
| campo de control | 20160823145538.0 |
| 008 - LONGITUD FIJA | |
| campo de control de longitud fija | 150306b xxu||||| |||| 00| 0 spa d |
| 041 ## - IDIOMA | |
| Código de idioma del texto/pista de sonido o título separado | |
| 082 ## - CLASIFICACIÓN DECIMAL DEWEY | |
| Número de clasificación | 158.7 A752p5 |
| 100 ## - AUTOR PERSONAL | |
| Nombre de persona | Arnold, John |
| 245 ## - TÍTULO PROPIAMENTE DICHO | |
| Título | Psicología del trabajo |
| 250 ## - EDICIÓN | |
| Mención de edición | 5 edición |
| 260 ## - PIE DE IMPRENTA | |
| Lugar de publicación, distribución, etc. | México |
| Nombre del editor, distribuidor, etc. | Pearson |
| Fecha de publicación, distribución, etc. | 2012 |
| 650 ## - Materia General | |
| Materia general | PSICOLOGIA DEL TRABAJO |
| 650 ## - Materia General | |
| Materia general | DESEMPEÑO EN EL TRABAJO |
| 650 ## - Materia General | |
| Materia general | MOTIVACION LABORAL |
| 650 ## - Materia General | |
| Materia general | DISEÑO DEL TRABAJO |
| 650 ## - Materia General | |
| Materia general | ESTRES |
| 650 ## - Materia General | |
| Materia general | BIENESTAR EN EL TRABAJO |
| 650 ## - Materia General | |
| Materia general | TRABAJO EN EQUIPO |
| 650 ## - Materia General | |
| Materia general | LIDERAZGO |
| 650 ## - Materia General | |
| Materia general | CULTURA ORGANIZACIONAL |
| 650 ## - Materia General | |
| Materia general | SATISFACCION LABORAL |
| 650 ## - Materia General | |
| Materia general | RELACIONES LABORALES |
| 650 ## - Materia General | |
| Materia general | SELECCION DE PERSONAL |
| 942 ## - Punto de Acceso Adicional Koha | |
| Tipo de ítem Koha | Libro |
| Estado perdido | Estado dañado | No para préstamo | Biblioteca permanente | Biblioteca actual | Signatura completa | Código de barras | Precio efectivo a partir del | Tipo de ítem |
|---|---|---|---|---|---|---|---|---|
| Departamento de Biblioteca y Documentación Alfonso Chase Brenes | Departamento de Biblioteca y Documentación Alfonso Chase Brenes | 158.7 A752p5 | 18911 | 23/08/2016 | Libro |